Les 10 pays les plus riches d'Amérique - Statistiques

Statistiques générales
  • Ce quiz a été pris 186 fois
  • Le résultat moyen est 9 sur 10
Statistiques - réponses
PIB en $ Pays % Correct
21 433 M $ États-Unis
100%
1 643 M $ Canada
99%
1 839 M $ Brésil
97%
1 258 M $ Mexique
97%
518 M $ Argentine
96%
330 M $ Colombie
91%
298 M $ Chili
88%
202 M $ Pérou
86%
178 M $ Venezuela
81%
107 M $ Équateur
74%
Aucun quiz correspondant
Distribution des résultats
% des personnes avec chaque résultat
Percentile par nombre de réponses
Votre historique - résultats
Vous n’avez pas pris ce quiz